Statistiques concernant fake news ou real news

Cliquez ici pour prendre le quiz!

Statistiques générales

  • Ce quiz a été pris 26 fois
  • Le résultat moyen est 8 sur 11

Statistiques - réponses

Réponse% Correct
fake news
100%
real news
100%
fake news
95%
real news
89%
fake news
79%
fake news
74%
real news
74%
fake news
68%
real news
63%
real news
47%
fake news
37%

Distribution des résultats

Percentile par nombre de réponses

% des personnes avec chaque résultat

Votre développement - résultats

Vous n’avez pas pris ce quiz